000 00551nam a2200229Ia 4500
005 20250425162750.0
008 250425s9999 xx 000 0 und d
020 _a8448140699
041 _aspa
043 _asp
082 _a338.91
100 _aPUGEL, THOMAS A.
245 0 _aECONOMIA INTERNACIONAL
250 _a12A. ED.
260 _aEspaƱa
_bMCGRAW-HILL
_c2004
260 _aMADRID
300 _a793
650 _aECONOMIA INTERNACIONAL
700 _aJUAN FERNANDEZ DE CASTRO RIVERA
_etraductor
942 _c01
010 _a106650
999 _c235971
_d235971